000
00318 a2200109 4500
001
ART_12546
005
20260410161907.0
008
260409a
245
1
0
_a
Measurement of tax progressivity
100
1
_a
Kakwani, N. C.
773
0
_t
The Economic Journal
_g
- Vol. 87, NÂș 345 (mar. 1977)
_w
REV12512
999
_c
26441
_d
26441